Meilleurs buteurs des 25 meilleures sélections - Statistiques

Statistiques générales
  • Ce quiz a été pris 46 fois
  • Le résultat moyen est 12 sur 25
Statistiques - réponses
Sélection Meilleur buteur % Correct
France Olivier Giroud
100%
Portugal Cristiano Ronaldo
97%
Argentine Lionel Messi
97%
Brésil Neymar Jr
95%
Belgique Romelu Lukaku
95%
Angleterre Harry Kane
92%
Espagne David Villa
85%
Allemagne Miroslav Klose
77%
Uruguay Luis Suarez
74%
Sénégal Sadio Mané
72%
Pays-Bas Memphis Depay
69%
Mexique Javier Hernandez
54%
Croatie Davor Šuker
49%
Colombie Radamel Falcao
41%
États-Unis Clint Dempsey / Landon Donovan
38%
Équateur Enner Valencia
26%
Suisse Alexander Frei
15%
Turquie Hakan Şükür
13%
Italie Luigi Riva
13%
Iran Ali Daei
10%
Corée du Sud Cha Bum-geun
5%
Japon Kunishige Kamamoto
3%
Autriche Toni Polster
3%
Danemark Poul Nielsen / Jon Dahl Tomasson
0%
Maroc Salaheddine Bassir
0%
Aucun quiz correspondant
Distribution des résultats
% des personnes avec chaque résultat
Percentile par nombre de réponses
Votre historique - résultats
Vous n’avez pas pris ce quiz